000
00251nam a2200097Ia 4500
082
_a
J|363.34|disa
245
0
_a
Disaster!
100
_a
Unstead, Sue, , 1951- Bath, 2009
_9
65195
942
_c
BK
008
210817s9999 xx 000 0 und d
999
_c
208091
_d
208091